Statistiques concernant Pays les plus proches de Monaco

Cliquez ici pour prendre le quiz!

Statistiques générales

  • Ce quiz a été pris 169 fois
  • Le résultat moyen est 17 sur 20

Statistiques - réponses

kmpays% Correct
0France
100%
8Italie
100%
374Espagne
98%
236Suisse
97%
421Allemagne
95%
657Belgique
93%
402Autriche
91%
641Luxembourg
88%
538Slovénie
87%
514Croatie
85%
457Vatican
85%
399Saint-Marin
84%
475Andorre
83%
787Pays-Bas
80%
400Liechtenstein
77%
700Tunisie
76%
762Hongrie
75%
739Algérie
74%
670Bosnie-Herzégovine
69%
741Tchèquie
65%

Distribution des résultats

Percentile par nombre de réponses

% des personnes avec chaque résultat

Votre développement - résultats

Vous n’avez pas pris ce quiz